000 00574nam a2200193Ia 4500
999 _c1781
_d1781
003 OSt
005 20200930115248.0
008 190216s9999||||xx |||||||||||||| ||und||
020 _a9788130909967
040 _coclc
082 _a615.32
_bMCK/B
100 _aMckenna, Dennis J
_95195
245 0 _aBotanical Medicines The Desk Reference For Major Herbal Supplements /
_cDennis J Mckenna
250 _a2nd Ed.
260 _bViva Books,
_c2008.
_aNew Delhi:
300 _a1098p
650 _aBotany
942 _cBK
_2ddc
_h615.32
_iMCK/B
_k615.32
_mMCK/B